| 000 | 01148cab a2200253 4500 | ||
|---|---|---|---|
| 001 | WB3344-35 | ||
| 008 | 090401t1997 xxu||||| |||| 00| 0 eng d | ||
| 035 | _a(Sirsi) u82006 | ||
| 041 | _aeng | ||
| 245 | _aService charge | ||
| 260 | _c1997 | ||
| 350 | _a0 | ||
| 490 |
_aEstates Gazette Case Summaries _v[1997] EGCS 145 (8/11/97) |
||
| 520 | _a"Broadwater Court Management Co Ltd v Jackson-Mann" CA 23 October 1997. J refused to pay service charges and counterclaimed for breach of covenant and repair. At issue was whether B entitle to include in service charges items of an administrative nature. B sought damages calculated by reference to the diminution in the value of the defendant`s flat. Judge found B entitled to £25 a month for loss of amenity. B appealed. Appeal allowed in part. | ||
| 650 | _aBREACH OF COVENANT | ||
| 650 | _aBROADWATER COURT MANAGEMENT CO LTD V JACKSON-MANN | ||
| 650 | _aLANDLORD AND TENANT ACT 1985 S19 | ||
| 650 | _aLOSS OF AMENITY | ||
| 650 | _aREPAIR COVENANTS | ||
| 650 | _aSERVICE CHARGES | ||
| 690 | _aLANDLORD AND TENANT-CASE LAW-RESIDENTIAL TENANCIES | ||
| 942 | _n0 | ||
| 948 | _c11/11/1997 | ||
| 999 |
_c51714 _d51714 |
||